| 000 | 00852nam a22002655a 4500 | ||
|---|---|---|---|
| 005 | 20161119114025.0 | ||
| 008 | 161031s2015 enka frb 001 0 eng d | ||
| 020 | _a9781785480218 | ||
| 040 |
_aEG-ScBUE _beng _cEG-ScBUE _dEG-ScBUE |
||
| 082 | 0 | 4 |
_a004.6 _bCAM _222 |
| 100 | 1 | _aCamara, Daniel. | |
| 245 | 1 | 0 |
_aBio-inspired networking / _cDaniel Camara. |
| 260 |
_aLondon : _bISTE Press : _bElsevier, _c2015. |
||
| 300 |
_axxxiv, 109 p. : _bill. ; _c24 cm. |
||
| 490 | 0 | _aNetworks and telecommunications | |
| 500 | _aIndex : p. 107-109. | ||
| 500 | _aGlossary: p. 103-105. | ||
| 504 | _aIncludes bibliographical references. | ||
| 590 | _aSuzan Ashmawy ; revised by Fouad. | ||
| 650 | 7 |
_aComputer networks. _2BUEsh |
|
| 650 | 7 |
_aNeural networks (Computer science) _2BUEsh |
|
| 651 | _2BUEsh | ||
| 653 |
_bCOMSCI _cOctober2016 |
||
| 942 | _2ddc | ||
| 999 |
_c22943 _d22915 |
||